Palindromes en géographie - Statistiques

Statistiques générales
  • Ce quiz a été pris 179 fois
  • Le résultat moyen est 3 sur 15
Statistiques - réponses
Indice Réponse % Correct
Chef-lieu du département de la Mayenne ainsi que troisième ville plus peuplée du Québec. Laval
90%
Peuple autochtone de Nouvelle-Calédonie. kanak
53%
Noms donnés aux empereurs de Perse et d'Iran jusqu'en 1979. shahs
40%
Rivière d'une centaine de kilomètres se jetant dans la Loire à Nantes. Erdre
28%
Moyen de transport originaire des peuples autochtones des régions arctiques. kayak
23%
Langue officielle du plus petit état d'Océanie. C'est aussi le gentilé de ses habitants. nauruan
22%
Récits historiques, fictions et légendes provenant d'Europe du Nord. sagas
21%
Commune des Alpes-Maritimes connue pour son col ainsi que le "chemin de Nietzsche". Èze
17%
Île la plus grande et la plus peuplée de la mer Adriatique. Krk
12%
Commune de l'Oise, ville de naissance de Jean Calvin. Noyon
8%
Localité la plus septentrionale du Groenland, homophone de la réponse ci-dessus. Qaanaaq
6%
Deux des 15 villes les plus peuplées du Nigeria sont des palindromes : citez-en une. Aba | Oyo
3%
Langue parlée dans le Sud de l'Inde, c'est le plus long palindrome de la langue française avec ressasser. malayalam
3%
Ville la plus importante et peuplée de Patagonie. Neuquén
1%
Écriture alternative pour l'une des langues parlées en Asie centrale ainsi que la dénomination du peuple l'employant. qazaq
1%
Aucun quiz correspondant
Distribution des résultats
% des personnes avec chaque résultat
Percentile par nombre de réponses
Votre historique - résultats
Vous n’avez pas pris ce quiz